000 00310nam a22001337a 4500
008 171024b xxu||||| |||| 00| 0 eng d
020 _a020106376-X
041 _aeng
080 _24TH
_a311
100 _a55
101 _aSTA
245 _aFUNDAMENTALS OF BEHAVIORAL STATISTICS
_cRUNYON,R.P
942 _2udc
_cBK
999 _c35751
_d35751